000 00397cam a2200169ua 4500
001 6049
008 131106n ii |||gr||||Z||||||eng
040 _cMAIN
082 _a941
245 _aSimple History of England
250 _a9th Rev & Enlarged Ed.
260 _aDelhi:
_bSBD Enterprises,
_c1988.
300 _a352p.
653 _aBritish Isles
653 _aHistory of England
942 _cBK
999 _c5202
_d5202